Statistics for Country Unscramble Quiz - #1

Click here to take the quiz!

General Stats

  • This quiz has been taken 63 times
  • The average score is 9 of 10

Answer Stats

UnscrambledAnswer% Correct
oalsLaos
98%
iplipnsehpp
Philippines
98%
oasmaSamoa
98%
daniaIndia
95%
adebglnhsaBangladesh
93%
nzkkhaahtsKazakhstan
93%
ntapkiatsPakistan
90%
lirendaIreland
88%
euiakrnUkraine
86%
cldniaeIceland
72%

Score Distribution

Percentile by Number Answered

Percent of People with Each Score

Your Score History

You have not taken this quiz